000 00706nam a2200289Ia 4500
005 20260324150521.0
008 008 260324s9999 xx 000 0 eng d
020 _a9781003351405
037 _aEBOOK
040 _aCRL
040 _beng
040 _cCRL
041 _2eng
041 _aeng
084 _qCRL
100 _aRobert (R. S.) Downie
_91226692
245 0 _aGovernment Action and Morality
245 0 _bSome Principles and Concepts of Liberal-Democracy
260 _bTaylor and Francis
260 _c1964
365 _a
365 _b140
856 _uhttp://www.taylorfrancis.com/books/9781003351405
942 _cEBOOK
999 _c1836269
_d1836269